[Event "9th Lost Boys op"]
[Site "Amsterdam NED"]
[Date "2001.08.11"]
[Round "2"]
[White "Nemet, Ivan"]
[Black "Roebers, Jan"]
[Result "1-0"]
[WhiteElo "2427"]
[BlackElo "2303"]
[EventDate "2001.08.10"]
[PlyCount "61"]

1.d4 f5 2.e4 fxe4 3.Nc3 Nf6 4.Bg5 g6 5.f3 exf3 6.Nxf3 Bg7 7.Qd2 d6 8.Bc4 
e6 9.O-O O-O 10.Rae1 d5 11.Bd3 c5 12.dxc5 Qa5 13.Nb5 Qxd2 14.Bxd2 Ne8 15.
c4 Nc6 16.Bc3 Rxf3 17.Rxf3 d4 18.Bd2 Ne5 19.Rg3 Nxd3 20.Rxd3 e5 21.Rxd4 
Be6 22.Rd5 a6 23.Nc3 Nc7 24.Rdxe5 Bxe5 25.Rxe5 Rd8 26.Bh6 Rd4 27.b3 Rh4 
28.Bg5 Rh5 29.Ne4 Kg7 30.g4 Rh3 31.Bd8 1-0

[Event "9th Lost Boys op"]
[Site "Amsterdam NED"]
[Date "2001.08.11"]
[Round "2"]
[White "Larsen, Karsten"]
[Black "Ree, Hans"]
[Result "1-0"]
[WhiteElo "2300"]
[BlackElo "2421"]
[EventDate "2001.08.10"]
[PlyCount "89"]

1.e4 c5 2.Nf3 e6 3.d3 Nc6 4.g3 g6 5.Bg2 Bg7 6.O-O Nge7 7.Nh4 O-O 8.f4 d6 
9.g4 f5 10.gxf5 exf5 11.Nc3 Kh8 12.Kh1 Ng8 13.Nf3 Nf6 14.Be3 Re8 15.Qd2 
Be6 16.Ng5 Bg8 17.exf5 gxf5 18.Rae1 Qd7 19.Nf3 Re7 20.Bg1 Rae8 21.Rxe7 
Rxe7 22.Ne2 Nh5 23.Nc3 b6 24.d4 Bh6 25.d5 Na5 26.Ng5 Nc4 27.Qd3 Nxb2 28.
Qh3 Bg7 29.Ne6 Nf6 30.Nxg7 Rxg7 31.Bf2 Ng4 32.Bh4 Nc4 33.Re1 b5 34.Qd3 Rg6
35.h3 Nf6 36.a4 a6 37.axb5 axb5 38.Rb1 Na3 39.Ra1 b4 40.Ne2 Ne4 41.c3 Nb5 
42.cxb4 cxb4 43.Ra8 Qb7 44.Re8 Qf7 45.Qxb5 1-0

[Event "9th Lost Boys op"]
[Site "Amsterdam NED"]
[Date "2001.08.11"]
[Round "2"]
[White "Dutreeuw, Marc"]
[Black "Giddins, Stephen"]
[Result "1/2-1/2"]
[WhiteElo "2390"]
[BlackElo "2286"]
[EventDate "2001.08.10"]
[PlyCount "41"]

1.e4 e5 2.Nf3 Nc6 3.Bb5 a6 4.Ba4 Nf6 5.O-O Be7 6.Re1 b5 7.Bb3 d6 8.c3 O-O 
9.h3 Na5 10.Bc2 c5 11.d4 Qc7 12.Nbd2 cxd4 13.cxd4 Nc6 14.d5 Nb4 15.Bb1 a5 
16.Nf1 Bd7 17.a3 Na6 18.Be3 Nc5 19.Ng3 Rfc8 20.Bc2 a4 21.Qd2 1/2-1/2

[Event "9th Lost Boys op"]
[Site "Amsterdam NED"]
[Date "2001.08.11"]
[Round "2"]
[White "Marechal, Andy"]
[Black "l`Ami, Erwin"]
[Result "0-1"]
[WhiteElo "2371"]
[BlackElo "2275"]
[EventDate "2001.08.10"]
[PlyCount "164"]

1.e4 c5 2.Nc3 d6 3.g3 g6 4.Bg2 Bg7 5.d3 Nf6 6.f4 Nc6 7.Nf3 O-O 8.O-O Bg4 
9.h3 Bxf3 10.Qxf3 Ne8 11.f5 Nc7 12.Be3 b5 13.Rae1 b4 14.Nd1 Rb8 15.g4 Nb5 
16.g5 Nbd4 17.Qf2 Be5 18.c3 Nb5 19.c4 Nbd4 20.b3 a5 21.Nb2 Na7 22.Na4 Nc8 
23.Kh1 Nb6 24.Nxb6 Rxb6 25.Bxd4 Bxd4 26.Qh4 a4 27.Rf3 axb3 28.axb3 Ra6 29.
Ref1 Ra1 30.Rxa1 Bxa1 31.Qg4 Be5 32.h4 Qd7 33.h5 Ra8 34.Rf1 Ra1 35.Rxa1 
Bxa1 36.hxg6 hxg6 37.Qf3 Be5 38.Bh3 Qe8 39.Kg2 Kg7 40.fxg6 Kxg6 41.Qf5+ 
Kg7 42.Qf2 Qh8 43.Qf3 Qh4 44.Kf1 Bc3 45.Bg4 Qxg5 46.Bh5 f6 47.Bg4 Qc1+ 48.
Qd1 Qe3 49.Qe2 Qg3 50.Be6 Kh6 51.Bg4 Kg5 52.Be6 Kf4 53.Qf2+ Qf3 54.Bf7 Bd4
55.Qxf3+ Kxf3 56.Bd5 Ke3 57.Kg2 Kxd3 58.Bc6 Ke3 59.Kg3 e6 60.Kg4 Kd3 61.
Kf3 Be5 62.Ba4 Kd4 63.Bb5 Kc3 64.Ba4 f5 65.exf5 exf5 66.Ke3 Bg3 67.Kf3 Bh2
68.Ke3 Be5 69.Ke2 f4 70.Kf3 d5 71.cxd5 c4 72.bxc4 Kxc4 73.Ke2 Kc3 74.Bd7 
Kc2 75.Ba4+ b3 76.Ke1 Kb2 77.Kd1 Ka2 78.Ke2 b2 79.Bc2 b1=Q 80.Bxb1+ Kxb1 
81.Kd3 Kc1 82.Ke4 Bb8 0-1

[Event "9th Lost Boys op"]
[Site "Amsterdam NED"]
[Date "2001.08.11"]
[Round "2"]
[White "Schuurman, Petra"]
[Black "Kohler, Aran"]
[Result "1-0"]
[WhiteElo "2235"]
[BlackElo "2362"]
[EventDate "2001.08.10"]
[PlyCount "79"]

1.c4 e6 2.Nf3 d5 3.b3 c6 4.g3 Nd7 5.Bb2 Nh6 6.Bg2 f6 7.d4 Nf7 8.Nbd2 f5 9.
Qc1 g5 10.O-O g4 11.Ne5 Ndxe5 12.dxe5 d4 13.c5 Nxe5 14.Nc4 Nf7 15.e3 Bxc5 
16.exd4 Bxd4 17.Rd1 c5 18.Bxd4 cxd4 19.Qf4 O-O 20.Rxd4 Qf6 21.Re1 Rd8 22.
Rxd8+ Qxd8 23.Ne5 Qa5 24.b4 Qc7 25.Qd4 Nxe5 26.Rxe5 Qc1+ 27.Bf1 b6 28.Qd8+
Kf7 29.b5 a6 30.Qh8 Qh6 31.Qd8 Qf6 32.Qc7+ Kg6 33.Re1 e5 34.Rxe5 axb5 35.
Rxb5 Be6 36.Rxb6 Re8 37.Qc6 Re7 38.Qd6 Kg7 39.Bc4 f4 40.gxf4 1-0

[Event "9th Lost Boys op"]
[Site "Amsterdam NED"]
[Date "2001.08.11"]
[Round "2"]
[White "Bosboom-Lanchava, Tea"]
[Black "Vogt, Andreas"]
[Result "1-0"]
[WhiteElo "2345"]
[BlackElo "2250"]
[EventDate "2001.08.10"]
[PlyCount "83"]

1.d4 d5 2.Nf3 Nf6 3.c4 e6 4.cxd5 exd5 5.Nc3 c6 6.Bg5 Be7 7.Qc2 g6 8.e3 Bf5
9.Bd3 Bxd3 10.Qxd3 Nbd7 11.O-O O-O 12.Rab1 a5 13.b3 Re8 14.Nd2 Ne4 15.Bxe7
Qxe7 16.Rbe1 f5 17.Ndxe4 fxe4 18.Qd2 Qg5 19.Qc1 Re6 20.Re2 Rf8 21.Rc2 Ref6
22.a3 Rf5 23.Ne2 Qh4 24.Ng3 R5f7 25.Qe1 Qd8 26.Qd1 Qg5 27.Qd2 h5 28.Ne2 
Ra8 29.Nf4 Nf6 30.b4 axb4 31.axb4 Ng4 32.b5 Rf6 33.bxc6 bxc6 34.Qb4 Raf8 
35.h3 Nh6 36.Qb6 Nf5 37.Rxc6 Nh4 38.Rxf6 Rxf6 39.Qd8+ Kh7 40.Rc1 Qf5 41.
Rc7+ Kh6 42.Rc5 1-0

[Event "9th Lost Boys op"]
[Site "Amsterdam NED"]
[Date "2001.08.11"]
[Round "2"]
[White "Blokhuis, Jeroen"]
[Black "Happel, Hendrik"]
[Result "0-1"]
[WhiteElo "2341"]
[BlackElo "2218"]
[EventDate "2001.08.10"]
[PlyCount "162"]

1.e4 e6 2.d4 d5 3.e5 Ne7 4.c3 Qd7 5.a4 a5 6.Bb5 c6 7.Bd3 b6 8.Ne2 Ba6 9.
Bc2 c5 10.O-O Nbc6 11.Re1 cxd4 12.Nxd4 Nxd4 13.cxd4 Nc6 14.Nc3 Nb4 15.Bb1 
Be7 16.Re3 g6 17.Rf3 h5 18.Na2 Nxa2 19.Bxa2 Kf8 20.Rf6 Rc8 21.Bg5 Qc6 22.
Rc1 Qe8 23.h4 Rxc1 24.Qxc1 Qc8 25.Qf4 Bxf6 26.Qxf6 Kg8 27.Bb1 Rh7 28.Kh2 
Rg7 29.b3 Kh7 30.Qf3 Kg8 31.Bf6 Rh7 32.Qe3 Rg7 33.Qd2 Qc7 34.Kg3 Kh7 35.
Kf4 Bf1 36.Kg3 b5 37.axb5 Bxb5 38.Kh2 Ba6 39.Qg5 Kg8 40.Qh6 Rh7 41.Qd2 Rg7
42.Qb2 Qb6 43.Qc3 a4 44.Ba2 axb3 45.Bxb3 Qb5 46.Qc7 Kh7 47.Bc2 Qe2 48.
Bxg6+ Kxg6 49.Qc1 Qg4 50.f3 Qf5 51.Qa3 Qf4+ 52.Kh1 Rg8 53.Bg5 Qxd4 54.Qxa6
Qxe5 55.Qd3+ Qf5 56.Qd2 Rc8 57.Be3 Rc4 58.Qe1 Kh7 59.Bd2 e5 60.Kh2 Rc2 61.
Kg3 d4 62.Bg5 d3 63.Qb4 Rc8 64.Kh2 Re8 65.Qd6 Re6 66.Qd7 Qg6 67.Qc8 e4 68.
fxe4 Rxe4 69.Qd8 Re2 70.Qd5 Re6 71.Bd2 Rd6 72.Qa8 Qf6 73.Qe4+ Qg6 74.Qa8 
Rc6 75.Qa5 Rc2 76.Bg5 Qd6+ 77.Kh3 d2 78.Qf5+ Qg6 79.Qf3 Rc3 80.Qxc3 d1=Q 
81.Qf3 Qxf3+ 0-1

[Event "9th Lost Boys op"]
[Site "Amsterdam NED"]
[Date "2001.08.11"]
[Round "2"]
[White "Wunnink, Michael"]
[Black "Strating, Sybolt"]
[Result "0-1"]
[WhiteElo "2215"]
[BlackElo "2340"]
[EventDate "2001.08.10"]
[PlyCount "74"]

1.d4 d5 2.c4 c6 3.Nf3 Nf6 4.Nc3 a6 5.c5 g6 6.Bf4 Nh5 7.e3 Nd7 8.Bd3 Bg7 9.
O-O f6 10.h3 e5 11.Bh2 e4 12.g4 exd3 13.gxh5 f5 14.Bf4 Nf8 15.Na4 Ne6 16.
Nb6 Nxf4 17.exf4 Rb8 18.Re1+ Kf8 19.Ng5 Bf6 20.Ne6+ Bxe6 21.Rxe6 Kf7 22.
Rd6 Qe8 23.Qxd3 Rd8 24.Rxd8 Bxd8 25.Na4 Qe4 26.Qb3 Qxf4 27.Qxb7+ Bc7 28.
Kf1 Qh2 29.Qxc6 Qh1+ 30.Ke2 Qe4+ 31.Kf1 Bf4 32.Qd7+ Kf6 33.Qc6+ Kg5 34.Kg1
Qxd4 35.Qxa6 Re8 36.Nc3 Qxc5 37.hxg6 hxg6 0-1

[Event "9th Lost Boys op"]
[Site "Amsterdam NED"]
[Date "2001.08.11"]
[Round "2"]
[White "Wuts, Frank"]
[Black "Pel, Bonno"]
[Result "0-1"]
[WhiteElo "2315"]
[BlackElo "2191"]
[EventDate "2001.08.10"]
[PlyCount "64"]

1.d4 d6 2.e4 Nf6 3.Nc3 g6 4.f4 Bg7 5.Nf3 O-O 6.Bd3 Na6 7.O-O c5 8.d5 Rb8 
9.Kh1 Nc7 10.a4 b6 11.Nb5 a6 12.Nxc7 Qxc7 13.c4 b5 14.Qe2 bxc4 15.Bxc4 e6 
16.dxe6 fxe6 17.Ng5 d5 18.Bxa6 h6 19.Nxe6 Bxe6 20.f5 gxf5 21.exd5 Bxd5 22.
Bf4 Qc6 23.Bxb8 Rxb8 24.Bc4 Rb4 25.Bxd5+ Qxd5 26.Rad1 Qe4 27.Qf2 Ng4 28.
Qxc5 Rxb2 29.Qc8+ Bf8 30.Rf3 Qe2 31.Rg1 Qxf3 32.Qc4+ Kh8 0-1

[Event "9th Lost Boys op"]
[Site "Amsterdam NED"]
[Date "2001.08.11"]
[Round "2"]
[White "Delafargue, Bertrand"]
[Black "Smeets, Jan"]
[Result "0-1"]
[WhiteElo "2150"]
[BlackElo "2311"]
[EventDate "2001.08.10"]
[PlyCount "72"]

1.e4 e5 2.Nf3 Nc6 3.Bb5 a6 4.Ba4 Nf6 5.O-O Nxe4 6.d4 b5 7.Bb3 d5 8.dxe5 
Be6 9.Qe2 Bc5 10.Be3 O-O 11.Rd1 Ne7 12.Nbd2 Bxe3 13.Qxe3 Nf5 14.Qe2 Nc5 
15.c3 Ne7 16.Nd4 Nd7 17.Bc2 c5 18.Nxe6 fxe6 19.Qg4 Nf5 20.Nf3 Nb6 21.Re1 
Qe7 22.Rad1 a5 23.h4 b4 24.Kh2 Rad8 25.cxb4 axb4 26.b3 Na8 27.Bxf5 Rxf5 
28.a4 Rdf8 29.Kg1 Nb6 30.a5 Nc8 31.Rd2 Na7 32.Ra2 Nb5 33.Rc1 Nc3 34.Rac2 
Rf4 35.Qg5 Qe8 36.Ra1 Ne4 0-1

[Event "9th Lost Boys op"]
[Site "Amsterdam NED"]
[Date "2001.08.12"]
[Round "3"]
[White "Sutovsky, Emil"]
[Black "Shchekachev, Andrei"]
[Result "1/2-1/2"]
[WhiteElo "2651"]
[BlackElo "2546"]
[EventDate "2001.08.10"]
[PlyCount "56"]

1.e4 e5 2.Nf3 Nc6 3.Bb5 a6 4.Ba4 Nf6 5.O-O Be7 6.Bxc6 dxc6 7.d3 Nd7 8.Nbd2
f6 9.Nh4 g6 10.Nc4 Nc5 11.Be3 O-O 12.Qe2 Ne6 13.c3 Nf4 14.Bxf4 exf4 15.Nf3
Be6 16.Nd4 Bf7 17.Qg4 Bc5 18.Qxf4 Bxd4 19.cxd4 Qxd4 20.Ne3 Rac8 21.h4 Be6 
22.h5 f5 23.hxg6 hxg6 24.Qg3 Qg7 25.exf5 gxf5 26.Qxg7+ Kxg7 27.Nc4 Rcd8 
28.Rfe1 Kf6 1/2-1/2

[Event "9th Lost Boys op"]
[Site "Amsterdam NED"]
[Date "2001.08.12"]
[Round "3"]
[White "Arakhamia-Grant, Ketevan"]
[Black "Gershon, Alik"]
[Result "0-1"]
[WhiteElo "2446"]
[BlackElo "2553"]
[EventDate "2001.08.10"]
[PlyCount "56"]

1.e4 c5 2.Nf3 Nc6 3.d4 cxd4 4.Nxd4 Nf6 5.Nc3 d6 6.Bg5 e6 7.Qd2 Be7 8.O-O-O
O-O 9.Nb3 Qb6 10.f3 a6 11.Kb1 Rd8 12.Be3 Qc7 13.Qf2 Nd7 14.g4 b5 15.g5 
Nce5 16.Rg1 b4 17.Na4 Rb8 18.f4 Nc4 19.Bc1 Bb7 20.Rd4 d5 21.exd5 Bxd5 22.
f5 Rbc8 23.Rg3 Nde5 24.Rh4 Nd2+ 25.Qxd2 Bxb3 26.Bd3 Rxd3 27.cxd3 Bc2+ 28.
Ka1 Bxa4 0-1

[Event "9th Lost Boys op"]
[Site "Amsterdam NED"]
[Date "2001.08.12"]
[Round "3"]
[White "De Vreugt, Dennis"]
[Black "Gurevich, Mikhail"]
[Result "1-0"]
[WhiteElo "2429"]
[BlackElo "2633"]
[EventDate "2001.08.10"]
[PlyCount "55"]

1.e4 g6 2.d4 Bg7 3.Nc3 d6 4.Be3 c6 5.Qd2 b5 6.Bd3 Nf6 7.Nf3 Nbd7 8.Bh6 
Bxh6 9.Qxh6 e5 10.h3 Bb7 11.O-O Nh5 12.Ne2 Qf6 13.a4 b4 14.a5 Rb8 15.dxe5 
Nxe5 16.Nxe5 Qxe5 17.Rae1 Ba8 18.g4 Ng7 19.f4 Qc5+ 20.Kh1 O-O 21.f5 Qe5 
22.f6 Ne6 23.Rf5 gxf5 24.gxf5 Kh8 25.fxe6 Rg8 26.exf7 c5 27.fxg8=Q+ Rxg8 
28.Nf4 1-0

[Event "9th Lost Boys op"]
[Site "Amsterdam NED"]
[Date "2001.08.12"]
[Round "3"]
[White "Solleveld, Maarten"]
[Black "Tregubov, Pavel"]
[Result "1/2-1/2"]
[WhiteElo "2427"]
[BlackElo "2617"]
[EventDate "2001.08.10"]
[PlyCount "87"]

1.e4 c5 2.Nf3 Nc6 3.d4 cxd4 4.Nxd4 e5 5.Nb5 d6 6.N1c3 a6 7.Na3 b5 8.Nd5 
Nge7 9.c4 Nxd5 10.cxd5 Ne7 11.Bd3 g6 12.O-O Bg7 13.Nc2 Bd7 14.b3 O-O 15.a4
f5 16.f3 f4 17.Qe2 bxa4 18.bxa4 g5 19.a5 Ng6 20.Nb4 h5 21.Nc6 Qc7 22.Ba3 
g4 23.Rac1 Bc8 24.Qf2 Qd7 25.Qb6 gxf3 26.gxf3 Nh4 27.Kh1 Rf6 28.Be2 Qe8 
29.Rg1 Bh3 30.Qf2 Ng6 31.Rb1 Kh7 32.Rb7 Kh6 33.Qb6 Bc8 34.Ra7 Rxa7 35.Nxa7
Bh3 36.Nc6 Nh4 37.Bf1 Bxf1 38.Rxf1 Qd7 39.Qf2 Qh3 40.Ne7 Kh7 41.Qe2 Rf7 
42.Nc6 Bf8 43.Rf2 Rg7 44.Qf1 1/2-1/2

[Event "9th Lost Boys op"]
[Site "Amsterdam NED"]
[Date "2001.08.12"]
[Round "3"]
[White "Peek, Marcel"]
[Black "Cifuentes Parada, Roberto"]
[Result "1/2-1/2"]
[WhiteElo "2345"]
[BlackElo "2502"]
[EventDate "2001.08.10"]
[PlyCount "122"]

1.d4 Nf6 2.c4 e6 3.Nf3 d5 4.Nc3 Be7 5.Bg5 O-O 6.e3 Nbd7 7.Rc1 c6 8.Bd3 h6 
9.Bh4 dxc4 10.Bxc4 b5 11.Bd3 a6 12.a4 bxa4 13.Nxa4 Qa5+ 14.Nc3 Bb7 15.O-O 
c5 16.Be4 Qb4 17.Bxb7 Qxb7 18.Na4 cxd4 19.Nxd4 Rfc8 20.Qe2 Bf8 21.Nc3 Rc5 
22.Rc2 Rac8 23.Rfc1 Rc4 24.Bxf6 gxf6 25.Nd1 Rxc2 26.Rxc2 f5 27.Rxc8 Qxc8 
28.Qc2 Qb7 29.Qc6 Qxc6 30.Nxc6 Bd6 31.Kf1 Kf8 32.h3 Ke8 33.Ke2 Nc5 34.Na5 
Kd7 35.f3 Bc7 36.Nc4 Kc6 37.Nc3 Nb3 38.Kd3 Kc5 39.Nd2 Nxd2 40.Kxd2 Kc4 41.
Kc2 Bb6 42.b3+ Kb4 43.e4 fxe4 44.Nxe4 f5 45.Nd2 Kc5 46.Kd3 Kd5 47.g4 Ba5 
48.Nc4 Bc7 49.Ke3 Bd8 50.gxf5 exf5 51.Kd3 Bg5 52.Ne3+ Ke5 53.Ng2 a5 54.Kc4
Bd2 55.Kd3 Bg5 56.Kc4 Bd8 57.Kc5 Be7+ 58.Kc4 Bb4 59.Kd3 Bc5 60.f4+ Kd5 61.
Ne3+ Bxe3 1/2-1/2

[Event "9th Lost Boys op"]
[Site "Amsterdam NED"]
[Date "2001.08.12"]
[Round "3"]
[White "Van der Wiel, John"]
[Black "Roobol, Martin"]
[Result "1/2-1/2"]
[WhiteElo "2498"]
[BlackElo "2261"]
[EventDate "2001.08.10"]
[PlyCount "43"]

1.e4 d6 2.d4 Nf6 3.Nc3 g6 4.Bg5 Bg7 5.Qd2 h6 6.Bf4 g5 7.Bg3 Nh5 8.O-O-O 
Nc6 9.Bb5 Bd7 10.Nge2 e6 11.d5 Ne5 12.Nd4 Bxb5 13.Ncxb5 a6 14.Nc3 Qf6 15.
Bxe5 Qxe5 16.Qe2 Nf4 17.Qf3 Ng6 18.dxe6 fxe6 19.Qh5 Qf4+ 20.Kb1 Qf7 21.Qg4
Bxd4 22.Rxd4 1/2-1/2

[Event "9th Lost Boys op"]
[Site "Amsterdam NED"]
[Date "2001.08.12"]
[Round "3"]
[White "Helvensteijn, Dennis"]
[Black "Ernst, Sipke"]
[Result "0-1"]
[WhiteElo "2191"]
[BlackElo "2440"]
[EventDate "2001.08.10"]
[PlyCount "62"]

1.e4 e5 2.Nf3 Nc6 3.d4 exd4 4.Bc4 Nf6 5.O-O Nxe4 6.Re1 d5 7.Bxd5 Qxd5 8.
Nc3 Qh5 9.Nxe4 Be6 10.Bg5 h6 11.Bf6 Qg6 12.Nh4 Qg4 13.Qxg4 Bxg4 14.Bxd4 
O-O-O 15.Bc3 Nb4 16.Rec1 Nd5 17.Bd2 Be7 18.Nf3 Nf6 19.Re1 Bxf3 20.gxf3 
Nxe4 21.Rxe4 Bf6 22.Be3 Bxb2 23.Rb1 Bf6 24.Ra4 a6 25.Rab4 b6 26.c4 Bd4 27.
Ra4 Kb7 28.c5 Bxe3 29.fxe3 b5 30.Rf4 Rd7 31.a4 Kc6 0-1

[Event "9th Lost Boys op"]
[Site "Amsterdam NED"]
[Date "2001.08.12"]
[Round "3"]
[White "Riemens, Albert"]
[Black "Bosboom-Lanchava, Tea"]
[Result "0-1"]
[WhiteElo "2209"]
[BlackElo "2345"]
[EventDate "2001.08.10"]
[PlyCount "134"]

1.e4 g6 2.d4 Bg7 3.Nc3 c6 4.Be2 d6 5.h3 Nf6 6.Nf3 O-O 7.a4 Nbd7 8.O-O e5 
9.Re1 Re8 10.dxe5 dxe5 11.Be3 Qe7 12.Bc4 Nc5 13.Ng5 Ne6 14.Nxe6 Bxe6 15.
Bxe6 Qxe6 16.Qe2 Nh5 17.Rad1 Bf8 18.Rd3 Bb4 19.Red1 b6 20.Qg4 Ng7 21.b3 
Qxg4 22.hxg4 Ne6 23.f3 Bc5 24.Bxc5 Nxc5 25.Rd6 Rac8 26.Ne2 Kf8 27.Kf2 Rc7 
28.Rd8 Ne6 29.Rxe8+ Kxe8 30.Ke3 Rd7 31.Rxd7 Kxd7 32.Nc1 Kd6 33.g3 a5 34.c3
Nc5 35.Kd2 Ke6 36.Kc2 f5 37.gxf5+ gxf5 38.Nd3 Nd7 39.Kd2 h5 40.exf5+ Kxf5 
41.Ke3 Nf6 42.c4 e4 43.Nf2 exf3 44.Kxf3 Nd7 45.Nd3 Kg5 46.Kf2 Kg4 47.Kg2 
c5 48.Nf2+ Kf5 49.Kf3 Ne5+ 50.Ke3 Nc6 51.Ne4 Nd4 52.Nd2 Nc2+ 53.Kd3 Nd4 
54.Ke3 Kg4 55.Kf2 Kh3 56.Ne4 Nxb3 57.Kf3 Nd4+ 58.Kf4 Kg2 59.g4 h4 60.g5 h3
61.g6 h2 62.Ng3 Ne2+ 63.Ke5 Nxg3 64.g7 h1=Q 65.g8=Q Qa1+ 66.Kd6 Qxa4 67.
Qd5+ Kf2 0-1

[Event "9th Lost Boys op"]
[Site "Amsterdam NED"]
[Date "2001.08.12"]
[Round "3"]
[White "Smeets, Jan"]
[Black "Ikonnikov, Viacheslav"]
[Result "1/2-1/2"]
[WhiteElo "2311"]
[BlackElo "2552"]
[EventDate "2001.08.10"]
[PlyCount "147"]

1.e4 c5 2.Nf3 Nc6 3.d4 cxd4 4.Nxd4 Nf6 5.Nc3 e5 6.Ndb5 d6 7.Nd5 Nxd5 8.
exd5 Nb8 9.c4 Be7 10.Be2 a6 11.Nc3 O-O 12.O-O f5 13.f4 Bf6 14.Kh1 Nd7 15.
g3 Re8 16.Bd2 exf4 17.gxf4 Bd4 18.Bd3 Nf6 19.Qf3 Ng4 20.Rae1 Rxe1 21.Rxe1 
Qh4 22.Re2 Bd7 23.Nd1 Rf8 24.Bc3 Bxc3 25.Nxc3 Rf6 26.Qg3 Rh6 27.Qxh4 Rxh4 
28.Re7 Nf6 29.Ne2 Kf8 30.Rxd7 Nxd7 31.Bxf5 Ke7 32.Kg2 h6 33.h3 g5 34.Kf3 
Nf6 35.a3 a5 36.b3 b6 37.Be6 Kd8 38.a4 Ke8 39.Bf5 Kf7 40.Bc8 Kg6 41.Be6 
Nh5 42.fxg5 Kxg5 43.Bg4 Nf6 44.Nd4 Nxg4 45.Ne6+ Kf6 46.Kg3 Rh5 47.hxg4 Rh1
48.Kf4 Rf1+ 49.Ke4 Rb1 50.Nd4 Kg5 51.Nf5 Rxb3 52.Nxd6 Rb4 53.Ke5 Rxa4 54.
Nf7+ Kg6 55.Ke6 Ra1 56.d6 Rd1 57.d7 Rxd7 58.Ne5+ Kg5 59.Kxd7 a4 60.Kc6 a3 
61.Nf3+ Kxg4 62.Nd4 a2 63.Nc2 h5 64.Kxb6 h4 65.c5 h3 66.c6 h2 67.c7 h1=Q 
68.c8=Q+ Kg5 69.Qg8+ Kf6 70.Qxa2 Qe4 71.Qb2+ Kf7 72.Nd4 Qd5 73.Nc6 Qd6 74.
Qe5 1/2-1/2

[Event "9th Lost Boys op"]
[Site "Amsterdam NED"]
[Date "2001.08.12"]
[Round "3"]
[White "Larsen, Karsten"]
[Black "Afek, Yochanan"]
[Result "0-1"]
[WhiteElo "2300"]
[BlackElo "2381"]
[EventDate "2001.08.10"]
[PlyCount "80"]

1.e4 c5 2.Nf3 Nc6 3.Bb5 g6 4.O-O Bg7 5.Nc3 e5 6.Bxc6 dxc6 7.d3 Qd6 8.Nd2 
Be6 9.Nc4 Qc7 10.Be3 b6 11.a4 Nf6 12.f3 a5 13.Qe2 O-O 14.g4 Nd7 15.Kh1 
Rfd8 16.b3 Nf8 17.Qf2 Bxc4 18.bxc4 Ne6 19.Rab1 Rdb8 20.Rb2 Ra7 21.Rfb1 
Rab7 22.Qd2 Nd4 23.Bxd4 cxd4 24.Ne2 Bf8 25.Qg5 Qd6 26.f4 f6 27.fxe5 fxe5 
28.Rf1 Be7 29.Qh6 b5 30.cxb5 cxb5 31.axb5 Rxb5 32.Rxb5 Rxb5 33.Ng1 a4 34.
Nf3 a3 35.Nd2 Qe6 36.Nf3 Qf7 37.Kg2 a2 38.Ra1 Rb1 39.Nxe5 Qf1+ 40.Kg3 Rxa1
0-1

[Event "9th Lost Boys op"]
[Site "Amsterdam NED"]
[Date "2001.08.12"]
[Round "3"]
[White "Konings, Leon"]
[Black "Van Blitterswijk, Stefan"]
[Result "1/2-1/2"]
[WhiteElo "2293"]
[BlackElo "2380"]
[EventDate "2001.08.10"]
[PlyCount "93"]

1.d4 d5 2.c4 e6 3.Nc3 Be7 4.Nf3 Nf6 5.Bg5 h6 6.Bh4 O-O 7.e3 b6 8.Rc1 Bb7 
9.Bxf6 Bxf6 10.cxd5 Bxd5 11.Nxd5 Qxd5 12.Bc4 Qd6 13.O-O Nc6 14.Bb5 Ne7 15.
e4 c6 16.Ba6 Qd7 17.e5 Bg5 18.Nxg5 hxg5 19.Bd3 f5 20.exf6 Rxf6 21.Be4 Qd6 
22.g3 Raf8 23.Qg4 g6 24.Rcd1 Qb4 25.b3 Qa5 26.a4 Kg7 27.f3 Rd8 28.Rd3 Nf5 
29.Qxg5 Rxd4 30.Rxd4 Nxd4 31.Qxa5 bxa5 32.Kf2 Nxb3 33.Bxc6 e5 34.Bd5 Nc5 
35.Rb1 e4 36.f4 Rd6 37.Bc4 Rd4 38.Be2 Rb4 39.Rc1 Nxa4 40.Rc7+ Kf6 41.Ke3 
Nb6 42.Rxa7 Nd5+ 43.Kf2 a4 44.Ra6+ Kg7 45.Ra7+ Kf6 46.Ra6+ Kg7 47.Ra7+ 
1/2-1/2

[Event "9th Lost Boys op"]
[Site "Amsterdam NED"]
[Date "2001.08.12"]
[Round "3"]
[White "Wintzer, Joachim"]
[Black "De Jong, Migchiel"]
[Result "1-0"]
[WhiteElo "2378"]
[BlackElo "2273"]
[EventDate "2001.08.10"]
[PlyCount "123"]

1.c4 g6 2.d4 Nf6 3.Nc3 Bg7 4.e4 d6 5.f3 O-O 6.Be3 c5 7.dxc5 dxc5 8.e5 Nfd7
9.f4 Nc6 10.Nf3 f6 11.exf6 Nxf6 12.Be2 b6 13.Qxd8 Rxd8 14.Rd1 Rxd1+ 15.
Bxd1 Ng4 16.Bd2 e5 17.h3 Nh6 18.Nxe5 Bxe5 19.fxe5 Nf7 20.Bf3 Nfxe5 21.Bd5+
Kg7 22.O-O Bf5 23.Ne4 Bxe4 24.Bxe4 Re8 25.Bg5 h6 26.Bf6+ Kh7 27.Bxc6 Nxc6 
28.Bc3 Re7 29.Rf8 g5 30.Kf2 Nb4 31.a3 Nd3+ 32.Kf3 Nf4 33.g3 Ne6 34.Rf6 h5 
35.Rf5 Kg6 36.Rf6+ Kh7 37.Rf5 Kg6 38.Re5 Rf7+ 39.Ke4 Ng7 40.h4 gxh4 41.
gxh4 Nf5 42.Re6+ Kh7 43.Rf6 Rxf6 44.Bxf6 Kg6 45.Bg5 Nd4 46.b4 Ne6 47.Be3 
cxb4 48.axb4 Kf6 49.Bf2 Nc7 50.Bg3 Ne8 51.Kd5 Kf5 52.Be5 a5 53.c5 bxc5 54.
bxa5 c4 55.a6 c3 56.a7 Nc7+ 57.Bxc7 c2 58.a8=Q c1=Q 59.Qc8+ Kg6 60.Qe6+ 
Kg7 61.Be5+ Kf8 62.Qd6+ 1-0

[Event "9th Lost Boys op"]
[Site "Amsterdam NED"]
[Date "2001.08.12"]
[Round "3"]
[White "l`Ami, Erwin"]
[Black "Blees, Albert"]
[Result "1-0"]
[WhiteElo "2275"]
[BlackElo "2377"]
[EventDate "2001.08.10"]
[PlyCount "69"]

1.e4 g6 2.d4 Bg7 3.Nc3 d6 4.Be3 a6 5.Qd2 Nd7 6.Nf3 b5 7.a4 b4 8.Ne2 Ngf6 
9.Ng3 Ng4 10.Qxb4 Rb8 11.Qa3 c5 12.c3 Qb6 13.Rb1 Nxe3 14.fxe3 e5 15.a5 Qc7
16.Bd3 Bh6 17.Kf2 O-O 18.Rhe1 c4 19.Bc2 Rb5 20.Ra1 f5 21.exf5 Nf6 22.e4 
Ng4+ 23.Kg1 gxf5 24.Nxf5 Bxf5 25.exf5 Be3+ 26.Kf1 e4 27.h3 Rbxf5 28.Bxe4 
Nh2+ 29.Ke2 Qe7 30.Bxf5 Rxf5 31.Qa4 Qe4 32.Qxc4+ Rf7 33.Qd3 Qe8 34.Kd1 
Nxf3 35.Rxe3 1-0

[Event "9th Lost Boys op"]
[Site "Amsterdam NED"]
[Date "2001.08.12"]
[Round "3"]
[White "Erwich, Marc"]
[Black "Grooten, Herman"]
[Result "0-1"]
[WhiteElo "2263"]
[BlackElo "2374"]
[EventDate "2001.08.10"]
[PlyCount "58"]

1.e4 c6 2.d4 d5 3.exd5 cxd5 4.c4 Nf6 5.Nc3 e6 6.Nf3 Bb4 7.cxd5 Nxd5 8.Bd2 
O-O 9.Bd3 Be7 10.O-O Nc6 11.Qe2 Nf6 12.Ne4 Bd7 13.a3 Re8 14.b4 a6 15.Rac1 
Nxe4 16.Qxe4 f5 17.Qe3 Bf6 18.Bc4 Kh8 19.Ne5 Bxe5 20.dxe5 Na7 21.Bc3 Qh4 
22.Bd4 Nc6 23.Bc5 f4 24.Qe4 Qg5 25.Bd6 Nxb4 26.h4 Qxh4 27.axb4 Bc6 28.Qd4 
Bxg2 29.Kxg2 f3+ 0-1

[Event "9th Lost Boys op"]
[Site "Amsterdam NED"]
[Date "2001.08.12"]
[Round "3"]
[White "Van Beek, Lucien"]
[Black "Bachofner, Andreas"]
[Result "1-0"]
[WhiteElo "2369"]
[BlackElo "2261"]
[EventDate "2001.08.10"]
[PlyCount "73"]

1.e4 e6 2.d4 d5 3.Nd2 Nf6 4.e5 Nfd7 5.Bd3 c5 6.c3 Nc6 7.Ne2 cxd4 8.cxd4 f6
9.exf6 Nxf6 10.Nf3 Bd6 11.O-O Qc7 12.Bg5 O-O 13.Bh4 Ng4 14.Bg3 g6 15.Qd2 
Bxg3 16.hxg3 Qg7 17.Bc2 Bd7 18.b4 a5 19.b5 Ne7 20.Bd3 e5 21.Nxe5 Nxe5 22.
dxe5 Qxe5 23.Rae1 Rf7 24.a4 b6 25.Bb1 Qd6 26.Nf4 Rd8 27.Ba2 Bc8 28.Re2 g5 
29.Nd3 Rg7 30.Rfe1 Bb7 31.Re5 h6 32.Re6 Qa3 33.Rxh6 Qxa4 34.Rxe7 Rxe7 35.
Qxg5+ Kf8 36.Rh8+ Kf7 37.Rh7+ 1-0

[Event "9th Lost Boys op"]
[Site "Amsterdam NED"]
[Date "2001.08.12"]
[Round "3"]
[White "Happel, Hendrik"]
[Black "Day, Lawrence"]
[Result "1-0"]
[WhiteElo "2218"]
[BlackElo "2367"]
[EventDate "2001.08.10"]
[PlyCount "59"]

1.d4 Nf6 2.c4 d6 3.Nc3 Bf5 4.Bg5 Nbd7 5.Nf3 h6 6.Bh4 g5 7.Bg3 Bg7 8.e3 c5 
9.Be2 Nh5 10.dxc5 Nxg3 11.hxg3 dxc5 12.Qd5 e6 13.Qxb7 Rb8 14.Qxa7 Rxb2 15.
Rc1 g4 16.Nh4 Nb6 17.O-O Bxc3 18.Nxf5 exf5 19.Rxc3 Rxe2 20.Rb3 Nd7 21.Rd1 
O-O 22.Rbd3 Qf6 23.Qxd7 Rxa2 24.Rd6 Qb2 25.Qxf5 Qe2 26.Rf1 Rfa8 27.Rxh6 
Qxf1+ 28.Kxf1 Ra1+ 29.Ke2 R8a2+ 30.Kd3 1-0

[Event "9th Lost Boys op"]
[Site "Amsterdam NED"]
[Date "2001.08.12"]
[Round "3"]
[White "Peelen, Piet"]
[Black "Schuurman, Petra"]
[Result "1/2-1/2"]
[WhiteElo "2359"]
[BlackElo "2235"]
[EventDate "2001.08.10"]
[PlyCount "55"]

1.d4 Nf6 2.c4 c5 3.d5 b5 4.Nd2 Qa5 5.e4 bxc4 6.Bxc4 Ba6 7.Bxa6 Nxa6 8.Nf3 
d6 9.O-O Nc7 10.Nc4 Qa6 11.Qe2 g6 12.Rd1 Bg7 13.e5 dxe5 14.d6 Ne6 15.d7+ 
Kf8 16.Nfxe5 Nd4 17.Rxd4 cxd4 18.Nxf7 Nxd7 19.Nxh8 Rc8 20.Bg5 Ne5 21.b3 d3
22.Qe4 Nxc4 23.Qxe7+ Kg8 24.Nf7 Bxa1 25.Nh6+ Kh8 26.Nf7+ Kg8 27.Nh6+ Kh8 
28.Nf7+ 1/2-1/2

[Event "9th Lost Boys op"]
[Site "Amsterdam NED"]
[Date "2001.08.12"]
[Round "3"]
[White "Pel, Bonno"]
[Black "Stellwagen, Daniel"]
[Result "0-1"]
[WhiteElo "2191"]
[BlackElo "2337"]
[EventDate "2001.08.10"]
[PlyCount "92"]

1.Nc3 d5 2.e4 e6 3.g3 dxe4 4.Nxe4 Bd7 5.Nf3 Bc6 6.Qe2 Qd5 7.d3 Nf6 8.Nxf6+
gxf6 9.Bg2 Nd7 10.O-O Ne5 11.Nh4 Qd7 12.f4 Bxg2 13.Nxg2 Nc6 14.c3 O-O-O 
15.d4 h5 16.b4 f5 17.Bb2 Bg7 18.Rf3 Bf6 19.h4 Bxd4+ 20.cxd4 Nxd4 21.Qf2 
Nxf3+ 22.Qxf3 Rhg8 23.Bc3 Qd3 24.Qxd3 Rxd3 25.Be1 Ra3 26.Kf1 Rd8 27.Ke2 
Rd6 28.Ne3 Rda6 29.Rc1 Rxa2+ 30.Bd2 Rd6 31.Nc2 Rc6 32.Kd3 Rd6+ 33.Kc3 Raa6
34.Be3 Rac6+ 35.Kb2 Rd3 36.Re1 Rc4 37.Re2 b6 38.Bf2 Re4 39.Be3 f6 40.Re1 
Kd7 41.Kc1 Kc6 42.Bf2 Rxe1+ 43.Nxe1 Rb3 44.Nc2 Kd5 45.Kd2 e5 46.Ke2 Ke4 
0-1